000 00635nam a22002297a 4500
003 UA-OsUOA
001 47060
007 ta
008 20120530b un ||||| |||| 00| 0 ukr d
090 _a94(477)
_bН28
942 _cBR
040 _aUA-OsUOA
_bukr
_cUA-OsUOA
_dUA-OsUOA
245 _aНарис історії України.
300 _a32 с.
955 _a1
041 _aukr
080 _a94(477)
260 _c1942
650 7 _a9 Географія. Біографії. Історія
_2UDC
999 _c427172
_d427172